<?xml version="1.0" encoding="UTF-8"?>
<record
    xmlns:xsi="http://www.w3.org/2001/XMLSchema-instance"
    xsi:schemaLocation="http://www.loc.gov/MARC21/slim http://www.loc.gov/standards/marcxml/schema/MARC21slim.xsd"
    xmlns="http://www.loc.gov/MARC21/slim">

  <leader>00499nam a22001817a 4500</leader>
  <controlfield tag="005">20240920154136.0</controlfield>
  <controlfield tag="008">240919b        |||||||| |||| 00| 0 eng d</controlfield>
  <datafield tag="020" ind1=" " ind2=" ">
    <subfield code="a">978-93-6180-088-7</subfield>
  </datafield>
  <datafield tag="041" ind1=" " ind2=" ">
    <subfield code="a">eng</subfield>
  </datafield>
  <datafield tag="082" ind1=" " ind2=" ">
    <subfield code="a">615.321</subfield>
  </datafield>
  <datafield tag="100" ind1=" " ind2=" ">
    <subfield code="a">PANDA, DR. SANJAYA KUMAR AND SHINDE, PROF. GULAB S.</subfield>
    <subfield code="9">8556</subfield>
  </datafield>
  <datafield tag="245" ind1=" " ind2=" ">
    <subfield code="a">PHARMACOGNOSY [ D.PHARMA, 1ST YEAR] </subfield>
  </datafield>
  <datafield tag="250" ind1=" " ind2=" ">
    <subfield code="a">2ND ED. 2024</subfield>
  </datafield>
  <datafield tag="260" ind1=" " ind2=" ">
    <subfield code="a">LUCKNOW </subfield>
    <subfield code="b">THAKUR PUBLICATION PVT LTD </subfield>
  </datafield>
  <datafield tag="300" ind1=" " ind2=" ">
    <subfield code="a">200;P</subfield>
  </datafield>
  <datafield tag="650" ind1=" " ind2=" ">
    <subfield code="a">PHARMACY</subfield>
    <subfield code="x">D.PHARMA</subfield>
  </datafield>
  <datafield tag="942" ind1=" " ind2=" ">
    <subfield code="c">BK</subfield>
  </datafield>
  <datafield tag="999" ind1=" " ind2=" ">
    <subfield code="c">8685</subfield>
    <subfield code="d">8683</subfield>
  </datafield>
  <datafield tag="952" ind1=" " ind2=" ">
    <subfield code="0">0</subfield>
    <subfield code="1">0</subfield>
    <subfield code="4">0</subfield>
    <subfield code="7">0</subfield>
    <subfield code="8">PHARMACY</subfield>
    <subfield code="a">JRU</subfield>
    <subfield code="b">JRU</subfield>
    <subfield code="c">SHELF-3-D</subfield>
    <subfield code="d">2024-09-03</subfield>
    <subfield code="e">PURCHASE</subfield>
    <subfield code="g">210.00</subfield>
    <subfield code="h">NEW ARRIVALS SHELF</subfield>
    <subfield code="l">0</subfield>
    <subfield code="o">615.321</subfield>
    <subfield code="p">28538</subfield>
    <subfield code="r">2024-09-19 15:14:27</subfield>
    <subfield code="w">2024-09-03</subfield>
    <subfield code="y">BK</subfield>
  </datafield>
  <datafield tag="952" ind1=" " ind2=" ">
    <subfield code="0">0</subfield>
    <subfield code="1">0</subfield>
    <subfield code="4">0</subfield>
    <subfield code="7">0</subfield>
    <subfield code="8">PHARMACY</subfield>
    <subfield code="a">JRU</subfield>
    <subfield code="b">JRU</subfield>
    <subfield code="c">SHELF-17-A</subfield>
    <subfield code="d">2024-09-03</subfield>
    <subfield code="e">PURCHASE</subfield>
    <subfield code="g">210.00</subfield>
    <subfield code="l">4</subfield>
    <subfield code="o">615.321</subfield>
    <subfield code="p">28539</subfield>
    <subfield code="q">2026-03-31</subfield>
    <subfield code="r">2025-12-31 09:45:20</subfield>
    <subfield code="s">2025-12-31</subfield>
    <subfield code="w">2024-09-03</subfield>
    <subfield code="y">BK</subfield>
  </datafield>
  <datafield tag="952" ind1=" " ind2=" ">
    <subfield code="0">0</subfield>
    <subfield code="1">0</subfield>
    <subfield code="4">0</subfield>
    <subfield code="7">0</subfield>
    <subfield code="8">PHARMACY</subfield>
    <subfield code="a">JRU</subfield>
    <subfield code="b">JRU</subfield>
    <subfield code="c">SHELF-17-A</subfield>
    <subfield code="d">2024-09-03</subfield>
    <subfield code="e">PURCHASE</subfield>
    <subfield code="g">210.00</subfield>
    <subfield code="l">4</subfield>
    <subfield code="m">1</subfield>
    <subfield code="o">615.321</subfield>
    <subfield code="p">28540</subfield>
    <subfield code="r">2025-11-18 16:22:20</subfield>
    <subfield code="s">2025-11-04</subfield>
    <subfield code="w">2024-09-03</subfield>
    <subfield code="y">BK</subfield>
  </datafield>
</record>
